El demonio y la señorita Prym (Registro nro. 11675)
[ vista simple ]
| 000 -Cabecera | |
|---|---|
| Campo de control de longitud fija | 00454nam a22001937a 4500 |
| 005 - Fecha y hora de la última transacción | |
| Campo de control | 20231010125114.0 |
| 008 - Elementos de longitud fija--Información general | |
| Campo de control de longitud fija | 190225b xxu||||| |||| 00| 0 spa d |
| 020 ## - International Standard Book Number | |
| Número Internacional Estándar del Libro (ISBN) | 9789562581141 |
| 041 ## - Idioma | |
| Código de idioma | |
| 082 ## - Clasificación Decimal Dewey | |
| Número de clasificación | 155.23 C672d |
| 100 ## - Entrada principal--Autor personal | |
| Nombre personal | Coelho, Paulo |
| 245 ## - Título propiamente dicho | |
| Título | El demonio y la señorita Prym |
| 260 ## - Pie de imprenta | |
| Lugar de publicación, distribución, etc. | México |
| 260 ## - Pie de imprenta | |
| Nombre del editor, distribuidor, etc. | Grijalbo |
| 260 ## - Pie de imprenta | |
| Fecha de publicación, distribución, etc. | 2001 |
| 300 ## - Descripción física | |
| Extensión | 207 páginas |
| 650 ## - Materia general | |
| Temática (materia general) | SUPERACIÓN PERSONAL |
| 942 ## - Punto de acceso adicional KOHA | |
| Tipo de ítem KOHA | Literatura |
| Fuente del sistema de clasificación o colocación | Dewey Decimal Classification |
| Signatura completa | Código de barras | Tipo de ítem |
|---|---|---|
| 155.23 C672d | 6648 | Literatura |